000 00978nas a2200337 4500
001 BR0302591
003 BR-BrBNA
005 20231205103816.0
007 ta
008 230509b bl.|||p| |||| 00| 00por d
040 _aBR-BrBNA
_bpor
_cBiblioteca Nacional de Agricultura
041 _a(Pt)
072 _aT01; P34
100 1 _aMelo, M.C. de
100 1 _aMonteiro, V.E.D.
100 1 _aNeves, M.L.
100 1 _aAraújo, J.M. de
100 1 _aJucá, J.F.T.
245 1 _aEstudos de fitotoxicidade
650 _aRESÍDUO SÓLIDO
650 _aBIODEGRADAÇÃO
650 _aMICROBIOLOGIA DO SOLO
650 _aFITOTOXICIDADE
650 _aPROPRIEDADE FÍSICO-QUÍMICA
650 _aCONTAMINAÇÃO
650 _aSAÚDE PÚBLICA
650 _aMEIO AMBIENTE
773 0 _tBiotecnologia Ciência e Desenvolvimento (Brazil)
_xISSN 1414-4522
_g(Sep-Oct 2002), v. 5(28) p. 48-52
_wBR0302591
909 _a202311
_bLúcia
_c55
_dLúcia Elande
942 _2AGRIS
_n0
_cANA
999 _c174843
_d174843